000
00222nam a2200097Ia 4500
008
230605s9999 xx 000 0 und d
041
_a
eng
100
_a
lilicrap
245
_a
Food and beverage service(2)
650
_a
F. B.
999
_c
416991
_d
416991